| 000 | 00696nam a2200229Ia 4500 | ||
|---|---|---|---|
| 003 | BUBTL | ||
| 008 | 151213s9999 xx 000 0 und d | ||
| 041 | _aEnglish | ||
| 082 |
_a 341/ T155p/ 2003 _215th ed. |
||
| 100 |
_aTandon, Mahesh Prasad _95635 |
||
| 245 |
_aPublic in International Law/ _cMahesh Prasad Tandon & Rajesh Tandon |
||
| 250 | _a15th ed. | ||
| 260 |
_aHaryana _bAllahabad Law Agency _cc2003 |
||
| 300 |
_a[xxxviii], 626p . : _bill. ; 22 cm. |
||
| 526 | _aLaw | ||
| 650 |
_aLaw _93971 |
||
| 650 |
_aLaw _93971 |
||
| 700 |
_aMahesh Prasad Tandon & Rajesh Tandon _95636 |
||
| 856 |
_k0 _l0 _yDownload |
||
| 942 |
_2ddc _cBK |
||
| 999 |
_c2256 _d2256 |
||